[Event "Russian Women's Higher League 2020"]
[Site "?"]
[Date "2020.10.15"]
[Round "7.13"]
[White "Lysenko, Margarita"]
[Black "Gritsayeva, Oksana"]
[Result "1/2-1/2"]
[WhiteElo "2239"]
[BlackElo "2373"]
[PlyCount "237"]
[EventDate "2020.??.??"]

1. d4 Nf6 2. c4 e6 3. Nc3 Bb4 4. f3 d5 5. a3 Bxc3+ 6. bxc3 c5 7. cxd5 Nxd5 8.
dxc5 Qa5 9. e4 Nf6 10. Be3 O-O 11. Qb3 Nfd7 12. a4 Qc7 13. Qa3 b6 14. a5 Bb7
15. Nh3 Nxc5 16. Be2 Nbd7 17. O-O Rfd8 18. Rfd1 h6 19. Nf2 Rac8 20. axb6 axb6
21. Qb4 Bc6 22. Nd3 Rb8 23. Nb2 Ne5 24. Rxd8+ Rxd8 25. Bxc5 bxc5 26. Qxc5 Rd2
27. Nc4 Nd7 28. Qa5 Qxa5 29. Nxa5 Bxe4 30. Bb5 Bf5 31. Nb3 Rb2 32. Nd4 Ne5 33.
Nxf5 Rxb5 34. Nd4 Rb2 35. Kf1 Nc4 36. Re1 e5 37. Ne2 f5 38. Kf2 Kf7 39. Ra1 f4
40. g3 g5 41. gxf4 gxf4 42. Ra4 Ne3 43. c4 h5 44. c5 Ke6 45. c6 Kd6 46. Ra6 Nd5
47. Ke1 Nb4 48. c7+ Kxc7 49. Rh6 Nd3+ 50. Kd1 e4 51. fxe4 f3 52. Ng3 Rxh2 53.
Rxh5 Rg2 54. Nf5 Nb2+ 55. Kc1 f2 56. Ne3 Nd3+ 57. Kd1 Rg1+ 58. Kd2 Nf4 59. Rf5
f1=Q 60. Nxf1 Rxf1 61. Ke3 Ng2+ 62. Kd4 Rd1+ 63. Ke5 Ne3 64. Rf7+ Kc6 65. Rf3
Nc4+ 66. Kf4 Kd6 67. Rh3 Rf1+ 68. Rf3 Rh1 69. e5+ Nxe5 70. Ra3 Rf1+ 71. Ke4 Rb1
72. Ra6+ Nc6 73. Ra4 Re1+ 74. Kf4 Kd5 75. Ra2 Rf1+ 76. Ke3 Ke5 77. Rh2 Ne7 78.
Rh5+ Nf5+ 79. Kd3 Rf4 80. Rh8 Rf3+ 81. Kd2 Nd6 82. Ra8 Ne4+ 83. Ke2 Rb3 84.
Re8+ Kd5 85. Rd8+ Nd6 86. Rd7 Ra3 87. Rd8 Ke5 88. Rh8 Rb3 89. Ra8 Rc3 90. Rh8
Rg3 91. Ra8 Nf5 92. Re8+ Kf4 93. Rf8 Ra3 94. Kd2 Ke5 95. Re8+ Kd5 96. Rd8+ Nd6
97. Ke2 Ke5 98. Rh8 Rc3 99. Ra8 Ke4 100. Kd2 Rc6 101. Rh8 Nc4+ 102. Ke2 Ne5
103. Rh4+ Kd5 104. Rh8 Rc2+ 105. Ke3 Rc3+ 106. Ke2 Ng4 107. Ra8 Nf6 108. Ra5+
Kd4 109. Ra4+ Ke5 110. Ra8 Nd5 111. Rh8 Ra3 112. Re8+ Kd4 113. Rd8 Re3+ 114.
Kd2 Rh3 115. Ke2 Rh2+ 116. Kf3 Ra2 117. Rh8 Ra7 118. Rd8 Ra5 119. Rh8 1/2-1/2

[Event "Russian Women's Higher League 2020"]
[Site "?"]
[Date "2020.10.15"]
[Round "7.14"]
[White "Potapova, Margarita"]
[Black "Kochukova, Anna"]
[Result "1-0"]
[WhiteElo "2270"]
[BlackElo "2093"]
[PlyCount "51"]
[EventDate "2020.??.??"]

1. d4 d5 2. c4 dxc4 3. e4 Nf6 4. e5 Nd5 5. Bxc4 Nb6 6. Bb3 Nc6 7. Nf3 Bg4 8.
Bxf7+ Kxf7 9. Ng5+ Ke8 10. Qxg4 Qxd4 11. Ne4 Nd7 12. O-O Ndxe5 13. Qh4 Ng6 14.
Qg4 Nge5 15. Qf4 Nd3 16. Qh4 Qe5 17. Nbc3 g6 18. Rd1 Rd8 19. Qh3 Nxc1 20. Rxd8+
Nxd8 21. Rxc1 Bg7 22. Rd1 Kf7 23. Rd5 Ne6 24. Qf3+ Kg8 25. Rxe5 Bxe5 26. Nc5
1-0

[Event "Russian Women's Higher League 2020"]
[Site "?"]
[Date "2020.10.15"]
[Round "7.15"]
[White "Gorovenko, Darya"]
[Black "Ovod, Evgenija"]
[Result "1/2-1/2"]
[WhiteElo "2120"]
[BlackElo "2372"]
[PlyCount "101"]
[EventDate "2020.??.??"]

1. d4 d5 2. c4 e6 3. Nf3 Nf6 4. g3 dxc4 5. Bg2 a6 6. O-O Nc6 7. Nc3 Rb8 8. e4
Be7 9. Re1 O-O 10. h4 b5 11. e5 Nd5 12. Ng5 Ncb4 13. a3 Nxc3 14. bxc3 Nd5 15.
Qh5 h6 16. Ne4 Qe8 17. Nd6 cxd6 18. Bxd5 dxe5 19. Qxe5 Bb7 20. Bxb7 Rxb7 21.
Re4 Bf6 22. Qd6 Qb8 23. Bf4 Qxd6 24. Bxd6 Rd8 25. Bb4 h5 26. a4 g6 27. Kf1 Kg7
28. Ke2 Rd5 29. axb5 axb5 30. f4 Bd8 31. Kf3 Kf6 32. Ra6 Be7 33. Re5 Rxe5 34.
fxe5+ Kf5 35. Bd6 Bxd6 36. exd6 f6 37. Rc6 e5 38. Ke3 Rd7 39. Rb6 Ke6 40. Rxb5
Rxd6 41. Rc5 exd4+ 42. cxd4 Ra6 43. Rxc4 Ra3+ 44. Kf4 Rd3 45. Ra4 Kd5 46. Ra5+
Kc4 47. Rc5+ Kxd4 48. Rc6 g5+ 49. hxg5 fxg5+ 50. Kxg5 Rxg3+ 51. Kxh5 1/2-1/2

[Event "Russian Women's Higher League 2020"]
[Site "?"]
[Date "2020.10.15"]
[Round "7.16"]
[White "Miroshnik, Ekaterina"]
[Black "Makarova, Olga"]
[Result "1-0"]
[WhiteElo "2104"]
[BlackElo "1875"]
[PlyCount "103"]
[EventDate "2020.??.??"]

1. d4 d5 2. Nf3 Nf6 3. c4 e6 4. e3 Be7 5. Bd3 dxc4 6. Bxc4 a6 7. O-O b5 8. Be2
Bb7 9. b3 O-O 10. Bb2 Nbd7 11. Nbd2 c5 12. a4 b4 13. Rc1 Rc8 14. Nc4 cxd4 15.
exd4 Ne4 16. Bd3 Ndf6 17. Qe2 Nd6 18. Nce5 Qa5 19. Nd2 Nd5 20. Rxc8 Nxc8 21.
Qf3 Nd6 22. Nd7 Nf6 23. Qh3 Rc8 24. Nc5 Rc7 25. Re1 Bc8 26. Qg3 Qb6 27. Nf3
Nde8 28. Ne5 Bxc5 29. dxc5 Qxc5 30. Nc4 Qe7 31. f4 h6 32. Kh1 Nh5 33. Qg4 Nhf6
34. Qe2 Qd7 35. Nb6 Qc6 36. Nxc8 Rxc8 37. Bxa6 Rd8 38. Bb5 Qd6 39. Be5 Qd5 40.
Bc4 Qc5 41. h3 Nd5 42. Qd2 Ra8 43. Rc1 Rc8 44. Ra1 Ra8 45. Rd1 Nef6 46. Bd4 Qa5
47. Qf2 Nc3 48. Re1 Nfe4 49. Qf3 Nd2 50. Qg3 g6 51. Bxe6 Nde4 52. Qxg6+ 1-0

[Event "Russian Women's Higher League 2020"]
[Site "?"]
[Date "2020.10.16"]
[Round "8.6"]
[White "Bodnaruk, Anastasia"]
[Black "Voit, Daria"]
[Result "1/2-1/2"]
[WhiteElo "2428"]
[BlackElo "2343"]
[PlyCount "85"]
[EventDate "2020.??.??"]

1. e4 e6 2. d4 d5 3. Nc3 Bb4 4. e5 Ne7 5. a3 Bxc3+ 6. bxc3 b6 7. Qg4 Ng6 8. h4
h5 9. Qf3 Ba6 10. Bxa6 Nxa6 11. Bg5 Qd7 12. Ne2 Ne7 13. Nf4 g6 14. c4 c6 15.
Bf6 Rg8 16. Bxe7 Kxe7 17. cxd5 cxd5 18. c4 Nc7 19. cxd5 Nxd5 20. Nxd5+ Qxd5 21.
Qf6+ Ke8 22. O-O Qd8 23. Qf3 Kf8 24. Rfd1 Kg7 25. d5 exd5 26. Rxd5 Qxh4 27. Rd7
Rgf8 28. Rc1 Rae8 29. g3 Qg4 30. Qf6+ Kg8 31. Rcc7 Qe6 32. Qxe6 Rxe6 33. f4 a6
34. Kf2 b5 35. Ke3 Rb6 36. Ra7 b4 37. axb4 Rxb4 38. e6 Rb6 39. exf7+ Kg7 40.
Kf3 Rf6 41. Ke4 R8xf7 42. Rxf7+ Rxf7 43. Rxa6 1/2-1/2

[Event "Russian Women's Higher League 2020"]
[Site "?"]
[Date "2020.10.17"]
[Round "9.1"]
[White "Gunina, Valentina"]
[Black "Goltseva, Ekaterina"]
[Result "1-0"]
[WhiteElo "2431"]
[BlackElo "2294"]
[PlyCount "85"]
[EventDate "2020.??.??"]

1. d4 Nf6 2. c4 e6 3. Nf3 d5 4. Nc3 dxc4 5. e4 Bb4 6. Bxc4 Nxe4 7. O-O Nf6 8.
Qa4+ Nc6 9. Ne5 Rb8 10. Nxc6 bxc6 11. Qxc6+ Qd7 12. Qxd7+ Bxd7 13. a3 Bd6 14.
b4 Bc6 15. Re1 O-O 16. Bg5 Nd7 17. Rac1 h6 18. Bh4 Nb6 19. Ba2 g5 20. Bg3 Bxg3
21. hxg3 Rfd8 22. Nb1 Rd6 23. Rc5 Na4 24. Ra5 Rb7 25. f4 gxf4 26. gxf4 Rxd4 27.
f5 Rg4 28. Re2 e5 29. Raxe5 Bb5 30. Rf2 c6 31. Re8+ Kh7 32. f6 Rd4 33. Bb3 c5
34. Bc2+ Bd3 35. Bxa4 Bxb1 36. Re7 Rb8 37. Rxf7+ Kg8 38. Rg7+ Kf8 39. Rf3 h5
40. Rfg3 Rb6 41. bxc5 Rxf6 42. Rg8+ Ke7 43. Re3+ 1-0

[Event "Russian Women's Higher League 2020"]
[Site "?"]
[Date "2020.10.17"]
[Round "9.2"]
[White "Getman, Tatyana"]
[Black "Garifullina, Leya"]
[Result "1/2-1/2"]
[WhiteElo "2271"]
[BlackElo "2335"]
[PlyCount "81"]
[EventDate "2020.??.??"]

1. Nf3 Nf6 2. c4 e6 3. Nc3 d5 4. d4 c5 5. cxd5 cxd4 6. Qxd4 exd5 7. Bg5 Be7 8.
e3 O-O 9. Be2 h6 10. Bh4 Nc6 11. Qd3 Be6 12. O-O a6 13. Rfd1 Qb6 14. Bxf6 Bxf6
15. Nxd5 Bxd5 16. Qxd5 Rad8 17. Qf5 Qxb2 18. Bc4 Rxd1+ 19. Rxd1 Rd8 20. Rxd8+
Nxd8 21. g4 Qc1+ 22. Bf1 Qc6 23. Bd3 Qe6 24. a4 Qxf5 25. gxf5 Kf8 26. e4 Bc3
27. e5 Nc6 28. Be4 Nxe5 29. Nxe5 Bxe5 30. Bxb7 a5 31. Kg2 Ke7 32. h3 Kf6 33.
Be4 Bd4 34. Bd3 Ke5 35. f3 Kf4 36. Be4 Ke3 37. Bd5 Kf4 38. Bxf7 Kxf5 39. Bc4
Kf4 40. Bd5 Ke5 41. Be4 1/2-1/2

[Event "Russian Women's Higher League 2020"]
[Site "?"]
[Date "2020.10.17"]
[Round "9.3"]
[White "Belenkaya, Dina"]
[Black "Guseva, Marina"]
[Result "0-1"]
[WhiteElo "2297"]
[BlackElo "2377"]
[PlyCount "72"]
[EventDate "2020.??.??"]

1. e4 c5 2. Nf3 d6 3. d4 cxd4 4. Qxd4 Nc6 5. Bb5 Bd7 6. Qd3 g6 7. c4 Bg7 8. O-O
Nf6 9. Nc3 O-O 10. h3 a6 11. Bxc6 Bxc6 12. Nd4 Rc8 13. Be3 Nd7 14. Rac1 Nc5 15.
Qb1 Ne6 16. Qd3 Bd7 17. b4 Bxd4 18. Bxd4 Nf4 19. Qe3 Rxc4 20. e5 Bc6 21. Rfd1
Nxg2 22. Qg3 Ne1 23. Ne4 Bxe4 24. Rxc4 Nf3+ 25. Kf1 dxe5 26. h4 exd4 27. Qf4
Bd5 28. Rc5 e5 29. Qh6 b6 30. Rcc1 Qd7 31. h5 Qg4 32. hxg6 hxg6 33. a4 d3 34.
Rxd3 Bc4 35. Rcc3 Bxd3+ 36. Rxd3 Qc4 0-1

[Event "Russian Women's Higher League 2020"]
[Site "?"]
[Date "2020.10.17"]
[Round "9.4"]
[White "Kovanova, Baira"]
[Black "Kovalevskaya, Ekaterina"]
[Result "0-1"]
[WhiteElo "2324"]
[BlackElo "2384"]
[PlyCount "46"]
[EventDate "2020.??.??"]

1. d4 Nf6 2. Nf3 c5 3. d5 g6 4. Nc3 Bg7 5. e4 d6 6. Be2 O-O 7. O-O e6 8. dxe6
Bxe6 9. Bg5 h6 10. Bh4 Nc6 11. Qd2 g5 12. Bg3 d5 13. exd5 Nxd5 14. Ne4 Qb6 15.
Bd6 Rfd8 16. c3 Nf6 17. Nxf6+ Bxf6 18. b4 cxb4 19. c4 Rxd6 20. Qxd6 Nd4 21.
Qxb6 Nxe2+ 22. Kh1 axb6 23. Rab1 Bc3 0-1

[Event "Russian Women's Higher League 2020"]
[Site "?"]
[Date "2020.10.17"]
[Round "9.5"]
[White "Dordzhieva, Dinara"]
[Black "Schepetkova, Margarita"]
[Result "1-0"]
[WhiteElo "2354"]
[BlackElo "2257"]
[PlyCount "155"]
[EventDate "2020.??.??"]

1. d4 Nf6 2. c4 e6 3. Nc3 Bb4 4. e3 O-O 5. Bd2 b6 6. Nf3 Bb7 7. Bd3 Bxc3 8.
Bxc3 Ne4 9. Bxe4 Bxe4 10. d5 c5 11. h4 Na6 12. Ng5 exd5 13. Nxe4 dxe4 14. Qg4
f6 15. Rd1 Rf7 16. Qxe4 Qe8 17. Qf4 Rc8 18. h5 Rc6 19. h6 g6 20. O-O Re6 21.
Rd6 Re4 22. Qf3 f5 23. Rfd1 Nb8 24. Qg3 Rg4 25. Qe5 Qxe5 26. Bxe5 Rxc4 27. R6d2
Nc6 28. Bf4 Re4 29. Rxd7 Rxd7 30. Rxd7 Re7 31. Rd6 Na5 32. Bg5 Rc7 33. Bd8 Rb7
34. Bf6 Kf7 35. b3 Rc7 36. Bd8 Rb7 37. Bg5 Rc7 38. Bf4 Re7 39. Bg5 Rc7 40. Bd8
Rb7 41. Bf6 Rc7 42. Bg7 Ke7 43. Rf6 Rc8 44. g4 fxg4 45. Rf4 c4 46. bxc4 Rxc4
47. Rf8 g5 48. Rh8 Kf7 49. Rxh7 Kg6 50. Rh8 Rc2 51. Re8 Nc4 52. Re6+ Kh7 53.
Re7 Nd2 54. Kg2 Kg6 55. Re6+ Kh7 56. Kg3 Rc4 57. Re7 Ne4+ 58. Kxg4 Nxf2+ 59.
Kxg5 Ne4+ 60. Kf4 Nf6+ 61. Kf3 Ng8 62. Rxa7 Nxh6 63. Bd4+ Kg6 64. Rg7+ Kh5 65.
Bxb6 Ra4 66. Ra7 Rb4 67. Bc7 Nf5 68. a4 Kg6 69. a5 Ra4 70. Ra8 Ne7 71. e4 Kf7
72. Bb6 Nc6 73. a6 Ne5+ 74. Kf4 Nd7 75. Be3 Nf6 76. a7 Ke6 77. Rd8 Nxe4 78.
a8=Q 1-0

[Event "Russian Women's Higher League 2020"]
[Site "?"]
[Date "2020.10.17"]
[Round "9.6"]
[White "Shafigullina, Zarina"]
[Black "Grigorieva, Yulia"]
[Result "0-1"]
[WhiteElo "2296"]
[BlackElo "2237"]
[PlyCount "64"]
[EventDate "2020.??.??"]

1. d4 Nf6 2. c4 g6 3. Nf3 Bg7 4. g3 O-O 5. Bg2 d6 6. Nc3 Nc6 7. O-O Rb8 8. Qd3
e5 9. d5 Nb4 10. Qb1 a5 11. a3 Na6 12. e4 Bd7 13. b4 c6 14. Bd2 Ne8 15. Ne1 f5
16. Nd3 Nf6 17. b5 cxb5 18. cxb5 Nc7 19. f3 Na8 20. Qb3 Qb6+ 21. Kh1 fxe4 22.
fxe4 Ng4 23. Rfe1 Qd4 24. Bf1 Rxf1+ 25. Rxf1 Qxd3 26. Rad1 Rf8 27. Bf4 a4 28.
Qb4 Qc2 29. Rd2 Rxf4 30. Nd1 Rxf1+ 31. Kg2 Qxd1 32. Qc3 Rg1+ 0-1

[Event "Russian Women's Higher League 2020"]
[Site "?"]
[Date "2020.10.17"]
[Round "9.7"]
[White "Voit, Daria"]
[Black "Paramzina, Anastasya"]
[Result "1-0"]
[WhiteElo "2343"]
[BlackElo "2237"]
[PlyCount "85"]
[EventDate "2020.??.??"]

1. d4 Nf6 2. c4 g6 3. Nc3 d5 4. Nf3 Bg7 5. Qa4+ c6 6. cxd5 Nxd5 7. e4 Nb6 8.
Qd1 Bg4 9. Be3 e5 10. dxe5 N8d7 11. Be2 Bxf3 12. gxf3 Nxe5 13. Qb3 Qd7 14. h4
h5 15. a4 Qc7 16. Rc1 O-O 17. f4 Ned7 18. Rg1 Kh7 19. e5 Nxe5 20. fxe5 Qxe5 21.
Rg5 f5 22. Rd1 Rae8 23. Bd4 Qf4 24. Bxg7 Kxg7 25. a5 Qxh4 26. Rg1 Qh2 27. Rf1
f4 28. axb6 f3 29. Rd7+ Kh6 30. bxa7 fxe2 31. Nxe2 Re4 32. Qc2 Qf4 33. Qd2
Qxd2+ 34. Kxd2 Ra4 35. Rxb7 Rd8+ 36. Ke3 Re8+ 37. Kf3 Re5 38. Nc3 Ra6 39. Rd1
Rea5 40. Rdd7 Rf5+ 41. Ke3 Kg5 42. Rd6 Re5+ 43. Ne4+ 1-0

[Event "Russian Women's Higher League 2020"]
[Site "?"]
[Date "2020.10.17"]
[Round "9.8"]
[White "Bivol, Alina"]
[Black "Bodnaruk, Anastasia"]
[Result "1/2-1/2"]
[WhiteElo "2393"]
[BlackElo "2428"]
[PlyCount "82"]
[EventDate "2020.??.??"]

1. e4 c5 2. Nf3 d6 3. Bb5+ Nd7 4. Ba4 a6 5. c4 Ngf6 6. O-O g6 7. Nc3 Bg7 8. d4
cxd4 9. Qxd4 O-O 10. Bxd7 Nxd7 11. Qe3 b5 12. cxb5 axb5 13. Rd1 Bb7 14. Nxb5
Qb6 15. Nc3 Qxe3 16. Bxe3 Bxc3 17. bxc3 Bxe4 18. Nd4 Rfc8 19. Bd2 Nc5 20. Re1
e5 21. Nb3 Bd5 22. Nxc5 Rxc5 23. Be3 Rca5 24. Rad1 R8a6 25. Bg5 f5 26. Bd8 Rc5
27. Be7 Kf7 28. Rxe5 dxe5 29. Bxc5 Rxa2 30. h3 Ke6 31. Rb1 Rc2 32. Rb6+ Kf7 33.
Rd6 Be6 34. Rc6 Rxc3 35. Rc7+ Kg8 36. Bd6 Rxc7 37. Bxc7 e4 38. h4 Kf7 39. Kf1
Bc4+ 40. Ke1 Bd5 41. g3 Ke6 1/2-1/2

[Event "Russian Women's Higher League 2020"]
[Site "?"]
[Date "2020.10.17"]
[Round "9.9"]
[White "Lysenko, Margarita"]
[Black "Charochkina, Daria"]
[Result "1/2-1/2"]
[WhiteElo "2239"]
[BlackElo "2356"]
[PlyCount "133"]
[EventDate "2020.??.??"]

1. d4 d5 2. c4 dxc4 3. e4 Nc6 4. d5 Ne5 5. Bf4 Ng6 6. Bg3 Nf6 7. Qa4+ Bd7 8.
Qxc4 c6 9. Nc3 e5 10. Nf3 cxd5 11. exd5 Rc8 12. Qb3 e4 13. Nd2 Bc5 14. Be2 O-O
15. O-O e3 16. Nde4 Nxe4 17. Nxe4 exf2+ 18. Bxf2 Bxf2+ 19. Rxf2 Qe7 20. Ng3 b6
21. Raf1 Qd6 22. Ne4 Qe5 23. Bd3 Kh8 24. Nc3 f5 25. Qd1 Rf6 26. Re1 Qd6 27. Bf1
Qc5 28. Qd2 Rd6 29. a4 Rf8 30. Kh1 Rdf6 31. Bb5 Bc8 32. Rfe2 Rd6 33. Re8 Rd8
34. Rxd8 Rxd8 35. Qe3 Qd6 36. Bc6 f4 37. Qe4 Rf8 38. Nb5 Qc5 39. Nd4 Bg4 40. h3
Bc8 41. Nf3 Bf5 42. Qd4 Qd6 43. Qc3 Bc8 44. Qa3 Qf6 45. Qc3 Qd6 46. Qa3 Qf6 47.
a5 bxa5 48. Qc3 Qd6 49. Qxa5 Ne7 50. Qa3 Qxa3 51. bxa3 Nf5 52. Kg1 Kg8 53. Re4
Nd6 54. Ra4 a6 55. Rb4 h6 56. Ne5 g5 57. Rb8 Kg7 58. Ra8 h5 59. Bd7 Bb7 60.
Rxf8 Kxf8 61. Be6 Ke7 62. Nd3 Ne4 63. h4 gxh4 64. Nxf4 Kd6 65. Bf7 Ke5 66. Nd3+
Kd6 67. Nf4 1/2-1/2

[Event "Russian Women's Higher League 2020"]
[Site "?"]
[Date "2020.10.17"]
[Round "9.10"]
[White "Solozhenkina, Elizaveta"]
[Black "Garmash, Aliona"]
[Result "0-1"]
[WhiteElo "2301"]
[BlackElo "2093"]
[PlyCount "136"]
[EventDate "2020.??.??"]

1. e4 c6 2. d4 d5 3. e5 Bf5 4. Nf3 e6 5. Be2 Nd7 6. O-O h6 7. Nbd2 Ne7 8. Nb3
Bh7 9. Bd2 Ng6 10. c4 dxc4 11. Na5 Qc7 12. Nxc4 Be7 13. Rc1 O-O 14. Qb3 Rfd8
15. Rfd1 Rac8 16. Ba5 b6 17. Bd2 b5 18. Ne3 Qb8 19. Ba5 Nf4 20. Bf1 Nb6 21. g3
Nfd5 22. Ne1 Be4 23. f3 Nxe3 24. Qxe3 Bd5 25. b3 Qb7 26. Rc2 Qa6 27. Bd2 Nd7
28. Nd3 c5 29. dxc5 Nxc5 30. Nb4 Qb7 31. Nxd5 Rxd5 32. Rdc1 Rcd8 33. Ba5 R8d7
34. b4 Na6 35. a3 Rd4 36. Rc6 Kh7 37. Qe2 R4d5 38. f4 g6 39. R6c2 Bd8 40. Bg2
Bb6+ 41. Kh1 Bxa5 42. bxa5 b4 43. axb4 Nxb4 44. Rb2 Rc7 45. Rxc7 Qxc7 46. Bxd5
Qc1+ 47. Kg2 Nxd5 48. a6 Kg7 49. Rb7 Qc6 50. Kh3 Qc3 51. Qf2 Qd3 52. Rxa7 Ne3
53. f5 Qe4 54. f6+ Kg8 55. Qe2 h5 56. Rb7 Kh7 57. Rxf7+ Kh6 58. g4 Qf4 59. Rh7+
Kg5 60. Qxe3 Qxe3+ 61. Kg2 Qe2+ 62. Kg1 Qxa6 63. gxh5 gxh5 64. f7 Qa8 65. Rg7+
Kh6 66. Rg8 Qa7+ 67. Kg2 Qxf7 68. Rg3 Qf4 0-1

[Event "Russian Women's Higher League 2020"]
[Site "?"]
[Date "2020.10.17"]
[Round "9.11"]
[White "Semenova, Elena"]
[Black "Potapova, Margarita"]
[Result "1-0"]
[WhiteElo "2284"]
[BlackElo "2270"]
[PlyCount "67"]
[EventDate "2020.??.??"]

1. e4 c5 2. Nf3 d6 3. Nc3 a6 4. g3 Nc6 5. Bg2 e5 6. Nd5 g6 7. c3 Bg7 8. O-O
Nge7 9. d4 exd4 10. cxd4 Nxd5 11. exd5 Nxd4 12. Re1+ Kf8 13. Nxd4 cxd4 14. b3
Bf5 15. g4 Bd7 16. Ba3 Qb6 17. Qf3 h5 18. Qf4 hxg4 19. Bxd6+ Kg8 20. Re7 Bf5
21. Be5 Bf6 22. d6 Bxe7 23. dxe7 f6 24. Bd5+ Kh7 25. Bxd4 Qb4 26. Rc1 Rae8 27.
a3 Qa5 28. Qd6 Qd2 29. Qxf6 Qxc1+ 30. Kg2 Rhg8 31. Bxg8+ Rxg8 32. Qf7+ Kh6 33.
Be3+ Qxe3 34. fxe3 1-0

[Event "Russian Women's Higher League 2020"]
[Site "?"]
[Date "2020.10.17"]
[Round "9.13"]
[White "Ovod, Evgenija"]
[Black "Kochukova, Anna"]
[Result "1/2-1/2"]
[WhiteElo "2372"]
[BlackElo "2093"]
[PlyCount "73"]
[EventDate "2020.??.??"]

1. e4 c5 2. Nf3 e6 3. d4 cxd4 4. Nxd4 Nc6 5. Nb5 d6 6. c4 Nf6 7. N1c3 a6 8. Na3
Qa5 9. Bd2 Be7 10. Nc2 O-O 11. Be2 Qc7 12. O-O Ne5 13. Ne3 b6 14. f4 Ng6 15. g3
Bb7 16. Bf3 b5 17. cxb5 axb5 18. Nxb5 Qb6 19. Nc3 d5 20. exd5 exd5 21. Na4 Qd4
22. b3 Ne4 23. Bxe4 dxe4 24. Qe1 Rfd8 25. Bc3 Qa7 26. Qf2 Rd3 27. Rae1 Bc6 28.
f5 Bxa4 29. Bxg7 Kxg7 30. fxg6 fxg6 31. bxa4 Bc5 32. Qf6+ Kg8 33. Qe6+ Kg7 34.
Qe5+ Kg8 35. Qe6+ Kg7 36. Qf6+ Kg8 37. Qe6+ 1/2-1/2

[Event "Russian Women's Higher League 2020"]
[Site "?"]
[Date "2020.10.17"]
[Round "9.14"]
[White "Gorovenko, Darya"]
[Black "Gritsayeva, Oksana"]
[Result "0-1"]
[WhiteElo "2120"]
[BlackElo "2373"]
[PlyCount "146"]
[EventDate "2020.??.??"]

1. d4 g6 2. Nf3 Bg7 3. g3 c5 4. Bg2 cxd4 5. Nxd4 Nc6 6. Nxc6 bxc6 7. c4 Qa5+ 8.
Nd2 Rb8 9. Qc2 Nf6 10. O-O O-O 11. a3 d6 12. Bxc6 Bf5 13. Qa4 Qc7 14. Bf3 Nd7
15. e4 Bxb2 16. Bxb2 Rxb2 17. exf5 Rxd2 18. fxg6 hxg6 19. Rab1 Ne5 20. Bg2 Rb8
21. Rxb8+ Qxb8 22. Qb5 Rb2 23. Qxb8+ Rxb8 24. Rc1 Nd3 25. Rc3 Rb1+ 26. Bf1 Nc5
27. Kg2 Rb2 28. Bd3 Na4 29. Rc1 Rb3 30. Be2 Rxa3 31. Rb1 Nc5 32. h4 a5 33. g4
Rb3 34. Ra1 a4 35. Bd1 Rb4 36. Be2 Kg7 37. h5 Rb2 38. Kf1 gxh5 39. gxh5 Kh6 40.
Bd1 Ne4 41. Bxa4 Kxh5 42. Be8 Kg6 43. Ra7 Kf6 44. Ke1 Nxf2 45. Ra3 Ne4 46. Rf3+
Ke5 47. Rxf7 e6 48. Bc6 Nc5 49. Bf3 Nd3+ 50. Kf1 Rc2 51. Rf8 Rxc4 52. Ke2 Nf4+
53. Kf2 Rc2+ 54. Ke3 Nd5+ 55. Kd3 Rf2 56. Rf7 Nf6 57. Ke3 Ng4+ 58. Kd3 Nh2 59.
Bh5 Rxf7 60. Bxf7 Ng4 61. Be8 d5 62. Bd7 Kd6 63. Bc8 Ne5+ 64. Kd4 Nc6+ 65. Kd3
e5 66. Bh3 e4+ 67. Ke3 Ke5 68. Bf1 d4+ 69. Kd2 Kf4 70. Be2 Ne5 71. Bb5 e3+ 72.
Ke1 d3 73. Kd1 e2+ 0-1

[Event "Russian Women's Higher League 2020"]
[Site "?"]
[Date "2020.10.17"]
[Round "9.15"]
[White "Miroshnik, Ekaterina"]
[Black "Mukhina, Jana"]
[Result "1-0"]
[WhiteElo "2104"]
[BlackElo "2025"]
[PlyCount "87"]
[EventDate "2020.??.??"]

1. d4 Nf6 2. Nf3 g6 3. c3 Bg7 4. Bg5 Ne4 5. Bf4 O-O 6. e3 b6 7. Bd3 Bb7 8. O-O
d6 9. h3 Nd7 10. Qc2 Nef6 11. e4 Nh5 12. Bh2 e5 13. Nbd2 Qe7 14. Rfe1 Rae8 15.
a4 Qd8 16. a5 Nf4 17. Bf1 g5 18. axb6 axb6 19. Ra7 Qb8 20. Ra3 Qd8 21. Bb5 c6
22. Bf1 h5 23. Nc4 Re6 24. dxe5 dxe5 25. Rd1 Qe7 26. Ra7 Rb8 27. Ne3 Nf8 28.
Ba6 g4 29. hxg4 hxg4 30. Ne1 Qc7 31. Nxg4 Rg6 32. Ne3 Qc8 33. Bxb7 Rxb7 34.
Rxb7 Qxb7 35. Bxf4 exf4 36. Nf5 Ne6 37. Nf3 c5 38. Qe2 Ng5 39. Nxg5 Rxg5 40.
Rd8+ Kh7 41. Qf3 Qc7 42. Qh3+ Kg6 43. Rg8 Kf6 44. Nxg7 1-0